Postacie historyczne według opisu z Wikipedii #2 - Statystyki

Ogólne statystyki
  • Ten quiz został rozwiązany 2 692 razy
  • Średni wynik to 9 z 15
Statystyki odpowiedzi
Opis Odpowiedź % Poprawnych
"Wstrzymał Słońce, ruszył Ziemię, Polskie go wydało plemię." Mikołaj Kopernik
99%
"współzałożyciel i pierwszy przewodniczący NSZZ „Solidarność”." Lech Wałęsa
82%
"główny założyciel i przywódca ruchu faszystowskiego; premier Włoch w latach 1922–1943, później do 1945 dyktator Włoskiej Republiki Socjalnej." Benito Mussolini
81%
"ostatni władca Rzeczypospolitej Obojga Narodów." Stanisław August Poniatowski
76%
"uważał, że rozgałęziony schemat ewolucji wynika z procesu, który nazwał doborem naturalnym." Karol Darwin
71%
"prorok islamu, założyciel pierwszej wspólnoty muzułmańskiej, która przeobraziła się w teokratyczne państwo religijne." Mahomet
68%
"Zginął 27 kwietnia 1521 w walce z mieszkańcami wyspy Mactan w Archipelagu Filipińskim." Ferdynand Magellan
63%
"w latach 1003–1004 także książę Czech jako Bolesław IV." Bolesław I Chrobry
62%
37. prezydent Stanów Zjednoczonych (...) W wyniku afery Watergate ustąpił ze stanowiska prezydenta przed końcem kadencji, jako jedyny w historii. Richard Nixon
52%
"Wkrótce po zakończeniu konferencji poczdamskiej, prezydent podjął decyzję o zrzuceniu dwóch bomb atomowych na Japonię." Harry Truman
47%
"przypisywane [mu] jest autorstwo dwóch listów (1 P i 2 P), włączonych do kanonu Nowego Testamentu. Piotr
44%
"Powszechnie uznawany za najwybitniejszego matematyka starożytności i jednego z największych w dziejach." Archimedes
37%
"Po trzyletnim bezkrólewiu po [jego] śmierci (...) koronę królewską przejął jego młodszy brat, wielki książę litewski Kazimierz Jagiellończyk" Władysław III Warneńczyk
34%
"sprawca zamachu w Sarajewie 28 czerwca 1914, w którym zginął arcyksiążę Franciszek Ferdynand." Gavrilo Princip
30%
"Powołał specjalną grupę i zlecił jej opracowanie kalendarza gregoriańskiego, który jest używany do czasów współczesnych." Grzegorz XIII
24%
Nie znaleziono quizów pasujących do podanych kryteriów
Rozkład punktacji
Procent ludzi z każdym wynikiem
Percentyl według liczby udzielonych odpowiedzi
Twoja historia wyników
Nie rozwiązałeś tego quizu